Компьютерные сети. Ч. 3: Стандарты и протоколы (Запись № 11273317)

Подробности
000 -МАРКЕР
контрольное поле 02248nam2a2200301 4500
001 - ИДЕНТИФИКАТОР ЗАПИСИ
контрольное поле RU\NLR\BIBL_A\011974193
005 - ИДЕНТИФИКАТОР ВЕРСИИ
контрольное поле 20190412110507.0
010 ## - МЕЖДУНАРОДНЫЙ СТАНДАРТНЫЙ НОМЕР КНИГИ (ISBN)
Номер (ISBN) 978-5-907064-28-7
Тираж 500
021 ## - НОМЕР ГОСУДАРСТВЕННОЙ РЕГИСТРАЦИИ
Код страны Российская Федерация
Номер КН-П-19-014474
Номер Листа государственной регистраци КН-П-19-1084
035 ## - ДРУГИЕ СИСТЕМНЫЕ НОМЕРА
Идентификатор записи (NLR Aleph) 011974193
035 ## - ДРУГИЕ СИСТЕМНЫЕ НОМЕРА
Идентификатор записи (RuMoRGB)009906753
100 ## - ДАННЫЕ ОБЩЕЙ ОБРАБОТКИ
Данные общей обработки 20190328d2019 u y0rusy50 ca
101 0# - ЯЗЫК РЕСУРСА
Язык текста, звукозаписи и т.д. русский
102 ## - СТРАНА ПУБЛИКАЦИИ ИЛИ ПРОИЗВОДСТВА
Страна публикации Российская Федерация
105 ## - ПОЛЕ КОДИРОВАННЫХ ДАННЫХ: ТЕКСТОВЫЕ МАТЕРИАЛЫ, МОНОГРАФИЧЕСКИЕ
Кодированные данные о монографическом текстовом документе a|||j|||000zy
200 1# - ЗАГЛАВИЕ И СВЕДЕНИЯ ОБ ОТВЕТСТВЕННОСТИ
Основное заглавие Стандарты и протоколы
210 ## - ПУБЛИКАЦИЯ, РАСПРОСТРАНЕНИЕ И ДР.
Дата издания, распространения и т.д. 2019
215 ## - ФИЗИЧЕСКАЯ ХАРАКТЕРИСТИКА
Специфическое обозначение материала и объем 170 с.
Другие сведения о физической характеристике ил., табл.
320 ## - ПРИМЕЧАНИЯ О НАЛИЧИИ В ДОКУМЕНТЕ БИБЛИОГРАФИИ / УКАЗАТЕЛЯ
Текст примечания Библиогр.: с. 168 (10 назв.)
461 #0 - УРОВЕНЬ НАБОРА
Встроенное поле 001RU\NLR\BIBL_A\011911492
-- 2001#$aКомпьютерные сети$vЧ. 3
-- 700#1$aБабаев$bС. И.$gСергей Игоревич
Системный номер (АБИС) связанной записи 10939107
Автор Бабаев, С. И.
Место публикации Москва
Дата публикации 2019 [т.е. 2018]
Первые сведения об ответственности С.И. Бабаев, Б.В. Косторов, М.Б. Никифоров
Имя издателя, распространителя и т.д. КУРС
Сведения, относящиеся к заглавию учебник : [для студентов высших учебных заведений по направлениям подготовки 2.09.03.01, 2.09.04.01 "Информатика и вычислительная техника" (квалификация "бакалавр" и "магистр"), 1.02.03.03, 1.02.04.03 "Математическое обеспечение и администрирование информационных систем" (квалификация "бакалавр" и "магистр"), 5.38.03.05 "Бизнес-информатика" (квалификация "бакалавр"), 2.10.05.01 "Компьютерная безопасность" (квалификация "специалист"), 2.10.05.03 "Информационная безопасность автоматизированных систем" (квалификация "специалист")]
Заглавие Компьютерные сети
Номер тома Ч. 3
606 1# - НАИМЕНОВАНИЕ ТЕМЫ КАК ПРЕДМЕТ
Наименование темы Вычислительные сети
Формальный подзаголовок Учебники для высших учебных заведений
Тематический подзаголовок Обмен информацией
-- Протоколы
Системный номер авторитетной/нормативной записи 2226073
Идентификатор авторитетной/нормативной записи RU\NLR\AUTH\661336353
686 1# - ИНДЕКСЫ ДРУГИХ КЛАССИФИКАЦИЙ
Индекс З988.02-018я73-1
852 ## - МЕСТОНАХОЖДЕНИЕ И ШИФР ХРАНЕНИЯ
Идентификатор организации NLR
Шифр хранения (Call Number) 2019-5/246
942 ## - ДОПОЛНИТЕЛЬНЫЕ ЭЛЕМЕНТЫ ЗАПИСИ (АБИС)
Тип экземпляра АБИС Книга
980 ## - КОЛЛЕКЦИЯ
Название коллекции Национальная библиография
Экземпляры
Тип экземпляра Дата поступления Источник поступления Стоимость Библиотека постоянного хранения Библиотека текущего хранения Место хранения Шифр хранения Штрих-код Статус экземпляра
Книга 28.03.2019 Обязательный экземпляр 0.00 РНБ (Московский) РНБ (Московский) Русский книжный фонд: издания с 1957 года 2019-5/246 1-2666292